000 004010000a22001210004500
090 _aAR
_b04428
245 1 0 _aExpansion of genus Paphiopedilum pfitzer to Include All conduplicate - leaved slipper orchids (Cypripedioideae: Orchidaceae)
041 0 _aInglés
700 1 _aPettersson, Borge
_998311
100 1 _aAlbert, Victor A.
_998312
942 _cARTICULO
773 1 _tLindleyana
_h2
_q133-139
_d1997
_g9
999 _c13526
_d13526